Antología de la poesía hispanoamericana / (Record no. 24831)

MARC details
000 -LEADER
campo de control de longitud fija 00702nam a2200193 i 4500
001 - NÚMERO DE CONTROL
campo de control 24831
003 - IDENTIFICADOR DE NÚMERO DE CONTROL
campo de control ES-MaACL
005 - FECHA Y HORA DE LA ÚLTIMA TRANSACCIÓN
campo de control 20240416133103.0
007 - CAMPO FIJO DE DESCRIPCIÓN FÍSICA--INFORMACIÓN GENERAL
campo de control de longitud fija t|
008 - DATOS DE LONGITUD FIJA--INFORMACIÓN GENERAL
campo de control de longitud fija 021219m19571968sp ||||1| spa d
245 00 - MENCIÓN DEL TÍTULO
Título Antología de la poesía hispanoamericana /
Mención de responsabilidad, etc. Ginés de Albareda, Francisco Garfias.
260 ## - PUBLICACIÓN, DISTRIBUCIÓN, ETC.
Lugar de publicación, distribución, etc. Madrid :
Nombre del editor, distribuidor, etc. Biblioteca Nueva,
Fecha de publicación, distribución, etc. 1957-68 (
Fabricante Clemares)
300 ## - DESCRIPCIÓN FÍSICA
Extensión 6 v. ;
Dimensiones 24 cm.
505 8# - NOTA DE CONTENIDO CON FORMATO
Nota de contenido con formato Contiene: V. II: Colombia. -- V: III: Venezuela. -- V. IV: Argentina. -- V. V: Chile. -- V. VI: Perú. -- V. VII: Uruguay
700 1# - ENTRADA AGREGADA--NOMBRE PERSONAL
Nombre de persona Albareda, Ginés de.
9 (RLIN) 19235
700 1# - ENTRADA AGREGADA--NOMBRE PERSONAL
Nombre de persona Garfias, Francisco,
Fechas asociadas al nombre 1921-2010
9 (RLIN) 55528
852 ## - LOCALIZACIÓN
Ubicación ES-MaACL
Número de control de estantería P-738
Sublocalización o colección R.40799
Holdings
Estatus retirado Estado de pérdida Estado de daño No para préstamo Biblioteca de origen Biblioteca actual Ubicación en estantería Fecha de adquisición Fuente de adquisición Total de préstamos Signatura topográfica completa Código de barras Visto por última vez Precio de reemplazo Tipo de ítem Koha
        Biblioteca del Ateneo de Madrid Biblioteca del Ateneo de Madrid Depósito 2 17/01/2008     P-738 1025600 23/02/2023 23/02/2023 Libro impreso